000 01267nam0a2200349 4500
001 RU\NLR\bibl\423049
005 20250622174215.0
010 _a5-93772-075-X
_bВ пер.
_93000
021 _aRU
_b2003-28284
_91320
035 _a(NLR Aleph) 000416962
090 _a670633
_c670633
100 _a20030717d2003 |||y0rusy50 ca
101 1 _arus
_ceng
102 _aRU
105 _aa |||||||||
200 1 _aAdobe Photoshop 7
_eИскусство допеч. подгот.
_e[Пер. с англ.]
_fДэвид Блатнер, Брюс Фрейзер
210 _aСПб. и др.
_cДиаСофтЮП
_d2003
215 _a741 с.
_cил.
_d24
606 0 _aADOBE PHOTOSHOP 7.0, графический редактор
_92268984
_3RU\NLR\auth\661360037
610 0 _aКомпьютеры персональные - Редакторы графические
610 0 _aМашинная графика
675 _a004.92
_v3
_zrus
686 _a32.973.26-018.2
_2rubbk
686 _aЗ973.23-018.3
700 1 _aБлатнер
_bД.
_gДэвид
_4070
701 1 _aФрезер
_bБ.
_gБрюс
_4070
801 0 _aRU
_bRKP
_c20030717
_gPSBO
801 1 _aRU
_bRKP
_c20030717
801 2 _aRU
_bNLR
_c20071217
_grcr
942 _cBOOK
980 _aNB